Consultation on proposed amendments to the marine licensing exemptions orders (Record no. 112780)

MARC details
000 -LEADER
fixed length control field 01286cad a22002295a 4500
001 - CONTROL NUMBER
control field E153953
008 - FIXED-LENGTH DATA ELEMENTS--GENERAL INFORMATION
fixed length control field 110927s2011 xxk f s000 0 eng d
020 ## - INTERNATIONAL STANDARD BOOK NUMBER
International Standard Book Number 978178045424
035 ## - SYSTEM CONTROL NUMBER
System control number (Sirsi) u153953
041 0# - LANGUAGE CODE
Language code of text/sound track or separate title eng
110 2# - MAIN ENTRY--CORPORATE NAME
Corporate name or jurisdiction name as entry element Scotland
Subordinate unit Scottish Government
9 (RLIN) 5344
245 00 - TITLE STATEMENT
Title Consultation on proposed amendments to the marine licensing exemptions orders
Medium [electronic resource]
260 ## - PUBLICATION, DISTRIBUTION, ETC.
Place of publication, distribution, etc. Edinburgh
Name of publisher, distributor, etc. Scottish Government
Date of publication, distribution, etc. 2011
520 ## - SUMMARY, ETC.
Summary, etc. Since the implementation of the Marine (Scotland) Act 2010 and the Marine and Coastal Access Act 2009, questions have arisen in three areas: the licensing of small scale removals such as sediment sampling; the use of chemical and oil treatment substances below the surface of the sea; and the retrieval of objects accidentally deposited on the seabed. This consultation seeks to resolve those issues. Deadline for comments is 3 November 2011.
590 ## - LOCAL NOTE (RLIN)
Local note KA
650 24 - SUBJECT ADDED ENTRY--TOPICAL TERM
Topical term or geographic name entry element MARINE (SCOTLAND) ACT 2010
650 24 - SUBJECT ADDED ENTRY--TOPICAL TERM
Topical term or geographic name entry element MARINE AND COASTAL ACCESS ACT 2009
651 #4 - SUBJECT ADDED ENTRY--GEOGRAPHIC NAME
Geographic name Scotland
Chronological subdivision 1999-
690 ## - LOCAL SUBJECT ADDED ENTRY--TOPICAL TERM (OCLC, RLIN)
Topical term or geographic name as entry element PROPERTY-RURAL AND NATURAL ASSETS-MARINE RESOURCES-MARINE RESOURCE MANAGEMENT
856 40 - ELECTRONIC LOCATION AND ACCESS
Uniform Resource Identifier <a href="https://www.scotland.gov.uk/Publications/2011/09/exemptions">https://www.scotland.gov.uk/Publications/2011/09/exemptions</a>
Public note View the consultation free of charge at www.scotland.gov.uk
942 ## - ADDED ENTRY ELEMENTS (KOHA)
Suppress in OPAC 0
Holdings
Withdrawn status Lost status Source of classification or shelving scheme Damaged status Not for loan Home library Current library Shelving location Date acquired Total Checkouts Full call number Barcode Date last seen Copy number Price effective from Koha item type
    Dewey Decimal Classification     Virtual Virtual Online 27/09/2011   ONLINE PUBLICATION 153953-2001 06/08/2019 1 06/08/2019 Book